| 000 | 00945cab a2200325 4500 | ||
|---|---|---|---|
| 001 | WB3326-15 | ||
| 008 | 090401t1997 xxu||||| |||| 00| 0 eng d | ||
| 035 | _a(Sirsi) u79430 | ||
| 041 | _aeng | ||
| 245 | _aPFI health schemes approved | ||
| 260 | _c1997 | ||
| 350 | _a0 | ||
| 490 |
_aFinancial Times _v3 July 1997, 40 |
||
| 490 |
_aFinancial Times Money _v4 July 1997, 14(2) |
||
| 520 | _aMinisters have cut the list of PFI schemes from 43 to 14. Privately financed hospitals, including schemes in Swindon, Carlisle and Durham, are to go ahead. | ||
| 650 | _aBISHOP AUCKLAND | ||
| 650 | _aBUCKINGHAMSHIRE | ||
| 650 | _aCARLISLE | ||
| 650 | _aDARTFORD | ||
| 650 | _aDURHAM | ||
| 650 | _aGRAVESEND | ||
| 650 | _aHOSPITALS | ||
| 650 | _aNORWICH | ||
| 650 | _aPFI | ||
| 650 | _aPRIVATE FINANCE INITIATIVE | ||
| 650 | _aSWINDON | ||
| 690 | _aPROPERTY-PROPERTY FINANCE AND INVESTMENT | ||
| 942 | _n0 | ||
| 948 | _c03/07/1997 | ||
| 999 |
_c49928 _d49928 |
||